000 01300nam a22001577a 4500
041 _aukr
080 _a09
090 _bСТЕ
100 _aСтепанюк В.О.
245 _aЛексико-семантичний аналіз юридичної термінології у судових промовах
260 _aОстрог
_bКАФ
_c2007
300 _a49
520 _aВСТУП РОЗДІЛ 1 КОМУНІКАЦІЯ НА РІВНІ ПРОГОЛОШЕННЯ СУДОВОЇ ПРОМОВИ 1.1 Судова промова засіб переконуючої комунікації. 1.2 Функції та види судової промови. 1.3 Юридична термінологія у комунікативному процесі. 1.4 Парадигматичні відношення юридичних термінів. РОЗДІЛ 2 СЕМАНТИЧНІ ОСОБЛИВОСТІ ТЕРМІНІВ У ПРОМОВАХ ЗВИНУВАЧЕННЯ ТА ЗАХИСТУ 2.1 Термінологічні одиниці у промові звинувачення. 2.2 Термінологічні одиниці у промові захисту. ВИСНОВКИ
_0судова промова,юридична термінологія
650 _aResearch Papers
999 _c283935
_d283935
942 _cBK